Radiohead Most Streamed Songs - Statistics

General Stats
  • This quiz has been taken 42 times
  • The average score is 15 of 20
Answer Stats
Streams Answer % Correct
2,208,165,670 Creep
100%
987,041,996 No Surprises
97%
701,276,666 Karma Police
92%
263,417,034 Let Down
86%
398,539,494 Fake Plastic Trees
83%
301,021,076 Jigsaw Falling Into Place
83%
234,896,223 Just
83%
192,666,658 Nude
83%
281,092,035 Weird Fishes / Arpeggi
83%
332,277,756 Exit Music (For A Film)
81%
253,103,396 All I Need
78%
538,732,113 High and Dry
78%
262,947,383 Paranoid Android
78%
152,871,652 How to Disappear Completely
69%
117,927,916 Reckoner
64%
105,881,123 15 Step
61%
217,671,722 Everything In Its Right Place
61%
109,062,114 Black Star
58%
157,388,123 Street Spirit (Fade Out)
58%
119,328,125 House Of Cards
47%
No matching quizzes found
Score Distribution
Percent of People with Each Score
Percentile by Number Answered
Your Score History
You have not taken this quiz